| 000 | 00467nam a22001817a 4500 | ||
|---|---|---|---|
| 005 | 20230921121322.0 | ||
| 008 | 230915b |||||||| |||| 00| 0 eng d | ||
| 020 | _a8175140372 | ||
| 082 |
_a338.5443 _bTYS-C |
||
| 100 | _aTyson,Kirk W.M | ||
| 245 | _aCompetition in the 21st Century | ||
| 260 |
_aIndia _bVanity Books International _c2006 |
||
| 300 | _a279 | ||
| 500 | _aInclude Index | ||
| 650 | _aManagement/Business | ||
| 700 | _aKrik W.M.Tyson | ||
| 999 |
_c33590 _d33590 |
||